Biggest Cities and Urban Areas in the UK - Whammies - Statistics

General Stats
  • This quiz has been taken 104 times
  • The average score is 30 of 40
Answer Stats
# # # % Correct
City 8.776.535 London
100%
Urban Area 10.559.000 London
100%
City 506.552 Liverpool
99%
Urban Area 891.000 Liverpool
99%
City 470.411 Manchester
99%
Urban Area 2.720.000 Manchester
99%
City 1.121.408 Birmingham
94%
Urban Area 2.590.000 Birmingham
94%
City 631.690 Glasgow
94%
Urban Area 1.027.000 Glasgow
94%
City 286.468 Newcastle upon Tyne
92%
Urban Area 791.000 Newcastle upon Tyne
92%
City 536.321 Leeds
90%
Urban Area 1.861.000 Leeds
90%
City 505.310 Edinburgh
89%
Urban Area 530.000 Edinburgh
89%
City 299.797 Nottingham
86%
Urban Area 763.000 Nottingham
86%
City 500.552 Sheffield
86%
Urban Area 689.000 Sheffield
86%
City 425.232 Bristol
84%
Urban Area 680.000 Bristol
84%
City 348.546 Cardiff
78%
Urban Area 465.000 Cardiff
78%
Urban Area 888.000 Southampton
77%
City 450.386 Belfast
76%
Urban Area 625.000 Belfast
76%
City 406.588 Leicester
67%
Urban Area 559.000 Leicester
67%
City 344.322 Coventry
60%
Urban Area 389.000 Coventry
60%
City 270.806 Kingston upon Hull
57%
City 277.106 Brighton and Hove
49%
Urban Area 519.000 Brighton and Hove
49%
Urban Area 380.000 Stoke-on-Trent
42%
City 333.931 Bradford
41%
City 275.599 Derby
31%
Urban Area 486.000 Bournemouth
29%
City 266.983 Plymouth
27%
Urban Area 384.000 Middlesbrough
20%
No matching quizzes found
Score Distribution
Percent of People with Each Score
Percentile by Number Answered
Your Score History
You have not taken this quiz